00344 2200145 4500245006200000250001100062100001800073650001600091650001700107005001900124260001800143041001400161084001400175336000900189 aBukan Sekedar Cerita, ini adalah AkucFicky FadilahhText aCet. 1 aFicky Fadilah aKarya Siswa aAutobiografi a20250520111912 aJakartac2025 aIndonesia a081 FIC b atext